Password to Computer Science; (Record no. 208446)

MARC details
000 -LEADER
fixed length control field 00606nam a22001937a 4500
005 - DATE AND TIME OF LATEST TRANSACTION
control field 20250113163253.0
010 ## - LCCN (DPL NO)
LC control number B-761675
020 ## - INTERNATIONAL STANDARD BOOK NUMBER
International Standard Book Number 9789392137617
Terms of availability 320.00
035 ## - SYSTEM CONTROL NUMBER
System control number B-761675
037 ## - SOURCE OF ACQUISITION
Source of stock number/acquisition Gift
082 ## - DEWEY DECIMAL CLASSIFICATION NUMBER
Classification number 004
100 ## - MAIN ENTRY--PERSONAL NAME
Personal name Bhardwaj, Seema
245 ## - TITLE STATEMENT
Title Password to Computer Science;
Remainder of title Foundation of Information Technology 9/
Statement of responsibility, etc Seema Bhardwaj and Charu Gupta
260 ## - PUBLICATION, DISTRIBUTION, ETC. (IMPRINT)
Place of publication, distribution, etc New Delhi
Name of publisher, distributor, etc Trinity Books
Date of publication, distribution, etc 2024
300 ## - PHYSICAL DESCRIPTION
Extent 320p.
Dimensions 28cm(pb)
700 ## - ADDED ENTRY--PERSONAL NAME
Personal name Gupta, Charu
9 (RLIN) 76493
942 ## - ADDED ENTRY ELEMENTS (KOHA)
Source of classification or shelving scheme Dewey Decimal Classification
Item type Children Books
Classification part 004
Call number suffix BHA
Holdings
Withdrawn status Lost status Not for loan Collection code Home library Current library Date acquired Source of acquisition Cost, normal purchase price Full call number Barcode Copy number Cost, replacement price Koha item type Public note
      Non-fiction RC3 Shakur Pur RC3 Shakur Pur 13/01/2025 Gift/8.1.25 320.00 004 BHA B-761675 1 320.00 Children Books Gift

© Delhi Public Library
Hit Counter
free hit counter